| 000 | 00681nam a22002057a 4500 | ||
|---|---|---|---|
| 999 |
_c1560 _d1560 |
||
| 003 | AR-CdUCM | ||
| 008 | 190227b ||||| |||| 00| 0 spa d | ||
| 040 |
_aMUNICIPALIDAD PROVINCIAL DEL CUSCO _cBIBLIOTECA MUNICIPAL DEL CUSCO |
||
| 082 |
_a869.56 / _bV34 |
||
| 100 |
_aVasquez Kocchiu, Ricardo _95857 |
||
| 245 | _aLa textura del silencio / | ||
| 260 |
_aLima : _bAmaru editores, _c1989. |
||
| 300 |
_a66 páginas ; _c20 cm. |
||
| 505 | _aContenido: Trato personal -- Espacio para dos -- Puerta a la marea -- Sala de espejos. | ||
| 650 |
_aPoesía peruana _9806 |
||
| 650 |
_aLiteratura peruana _9169 |
||
| 650 |
_aPoesía siglo XX _91708 |
||
| 942 |
_2ddc _cLIBROS |
||
| 945 | _azta | ||